| 000 | 00421nam a2200157Ia 4500 | ||
|---|---|---|---|
| 008 | 230711s9999||||xx |||||||||||||| ||und|| | ||
| 041 | _aENG | ||
| 082 |
_a621.381 _bMO-E |
||
| 100 | _aAllen Mottershead | ||
| 245 | 0 | _aIntroduction to electricity and electronics | |
| 250 | _a3rd Ed. | ||
| 260 |
_c1990 _aNew Delhi _bPHI Learning Private Limited |
||
| 300 | _a771 | ||
| 650 | _aElectronics Engineering | ||
| 942 | _cBK | ||
| 999 |
_c1846 _d1846 |
||